Australia Immigration By Country - Extreme - Statistics

General Stats
  • This quiz has been taken 58 times
  • The average score is 44 of 57
Answer Stats
Total Country % Correct
701,120 China
100%
916,310 India
98%
125,600 Indonesia
98%
1,37 mil United Kingdom
98%
128,990 South Korea
96%
21,900 Spain
96%
62,300 France
94%
617,990 New Zealand
94%
114,820 Thailand
94%
58,930 Canada
92%
156,070 Italy
92%
183,950 Malaysia
92%
35,400 Russia
92%
118,000 United States
92%
318,700 Vietnam
92%
132,720 Brazil
90%
59,600 Japan
90%
165,660 Pakistan
90%
394,300 Philippines
90%
51,650 Turkey
90%
109,960 Germany
88%
91,800 Iran
88%
55,470 Poland
88%
28,060 Chile
85%
89,100 Greece
85%
112,900 Iraq
85%
30,210 Ukraine
85%
31,210 Argentina
83%
48,700 Cambodia
83%
92,550 Fiji
83%
21,730 Peru
83%
103,330 Ireland
81%
224,160 South Africa
81%
36,610 Syria
81%
89,730 Afghanistan
79%
65,440 Netherlands
79%
70,010 Colombia
75%
74,680 Taiwan
75%
20,430 Romania
73%
48,480 Egypt
71%
86,510 Myanmar
71%
197,400 Nepal
71%
38,810 Samoa
71%
25,600 Nigeria
69%
26,330 Serbia
69%
172,800 Sri Lanka
69%
48,630 Croatia
65%
20,730 Tonga
65%
24,560 Bulgaria
60%
41,210 Kenya
58%
30,350 Bosnia and Herzegovina
56%
22,820 Somalia
56%
98,500 Lebanon
52%
22,610 Sudan
38%
49,420 North Macedonia
33%
50,440 Zimbabwe
29%
29,880 Mauritius
13%
No matching quizzes found
Score Distribution
Percent of People with Each Score
Percentile by Number Answered
Your Score History
You have not taken this quiz